Personnage à lunette dans les mangas / animés - Statistiques

Statistiques générales
  • Ce quiz a été pris 133 fois
  • Le résultat moyen est 5 sur 16
Answers on the Grid
Answers color-coded by a green-red scale on the quiz's grid according to % correct below.
Eren Jaeger
Katakuri
Sakamoto (Sakamoto Days)
Lelouch Di Birtania
Shin'chi Izumi (Parasyte)
Okarun (DanDaDan)
Heiter (Frieren)
Fumikage Tokoyami (MHA)
Gyomao (DBZ)
Rayleigh
Sonic le Foudroyant (One punch man)
Cha Hae-In (Solo Leveling)
Szayelaporro Grantz
Mai Zenin
Kinro (Dr Stone)
Ginro (Dr Stone)
Jude Sharp "Kido Yuuto" (Inazuma Eleven)
Kaito (HxH)
Kabuto (Naruto)
Shintaro Midorima (Kuroko No Basket)
Roberto (Capitaine Tsubasa)
Maes Hughes (FMAB)
Hibari Kyoya (Reborn)
Soi fon (Bleach)
Leolio (HxH)
Dr Gero (DBZ)
Sakamoto (Sakamot Desu Ga)
Aki (Chainsaw Man)
Karyo Ten (Kingdom)
Sarada Uchiha
Masamichi Yaga (JJK)
Rintaro Okabe "Okarin Kyoma" (Steins Gates)
 
Statistiques - réponses
Réponse % Correct
Sakamoto (Sakamoto Days)
83%
Rayleigh
71%
Okarun (DanDaDan)
63%
Shin'chi Izumi (Parasyte)
41%
Leolio (HxH)
38%
Kabuto (Naruto)
33%
Sarada Uchiha
30%
Heiter (Frieren)
29%
Kinro (Dr Stone)
22%
Gyomao (DBZ)
20%
Shintaro Midorima (Kuroko No Basket)
20%
Maes Hughes (FMAB)
18%
Jude Sharp "Kido Yuuto" (Inazuma Eleven)
17%
Masamichi Yaga (JJK)
12%
Sakamoto (Sakamot Desu Ga)
12%
Szayelaporro Grantz
7%
Aucun quiz correspondant
Distribution des résultats
% des personnes avec chaque résultat
Percentile par nombre de réponses
Votre historique - résultats
Vous n’avez pas pris ce quiz